| 000 | 00636nam a22001937a 4500 | ||
|---|---|---|---|
| 008 | 131212n19uu xx ||||gr|||| 000 0 ara d | ||
| 082 | 0 | 4 |
_222 _a272.2 _bم ح م |
| 100 | 1 |
_934614 _aمحمود، مصطفى، _d1921-2009 |
|
| 245 | 1 | 2 |
_aالتوراه / _cمصطفى محمود. |
| 260 |
_a[د. م.] : _bدار المعارف، _c[19--] |
||
| 300 |
_a96 ص. ؛ _c20 سم. |
||
| 590 | _aBook for the road program. | ||
| 630 | 2 |
_aالتورة _934628 |
|
| 650 | 0 |
_aالكتب السماوية _916911 |
|
| 653 |
_bAra _cDecember2013 |
||
| 655 |
_vreading book _934232 |
||
| 730 | 2 |
_aالتوراة _934629 |
|
| 942 |
_2ddc _cBB _k272.2 م ح م |
||
| 999 |
_c17844 _d17816 |
||